Corazones
Gespeichert in:
| 1. Verfasser: | |
|---|---|
| Format: | Buch |
| Sprache: | Undetermined |
| Veröffentlicht: |
Barcelona, España
Editorial Planeta
1980
|
| Schlagworte: | |
| Tags: |
Tag hinzufügen
Keine Tags, Fügen Sie den ersten Tag hinzu!
|
MARC
| LEADER | 00000nam a2200000Ia 4500 | ||
|---|---|---|---|
| 008 | 170316s9999 xx 000 0 und d | ||
| 999 | |c 28857 |d 28857 | ||
| 040 | |a cru BVZT | ||
| 090 | |a F-810 W-9c | ||
| 100 | |a Wolitzer, Hilma | ||
| 245 | |a Corazones | ||
| 260 | |a Barcelona, España | ||
| 260 | |b Editorial Planeta | ||
| 260 | |c 1980 | ||
| 300 | |a 279 páginas | ||
| 650 | |a LITERATURA ESTADOUDINENSE | ||
| 650 | |a FICCIÓN |9 26 | ||
| 942 | |c 15 D |h F-810 W-9c |2 z | ||
